This is Egypt /

محفوظ في:

المؤلف الرئيسي: Abou-Zaid, Mohamed (مؤلف)

التنسيق: كتاب

اللغة: English

منشور في: Munich : Simon, [c1955].

الموضوعات:

الوسوم: إضافة وسم

لا توجد وسوم, كن أول من يضع وسما على هذه التسجيلة!

رقم الطلب: DT47 .S54 1955

LEADER 00551namaa2200205 4500
001 23602
003 OSt
005 20250515090209.0
008 130303s1955 gw f g 000 0 eng d
040 |c ARCE Library 
043 |a f-ua--- 
050 4 |a DT47 .S54 1955 
100 1 |a Abou-Zaid, Mohamed,   |e author 
245 1 0 |a This is Egypt /   |c [Text by Mohamed Abou-Zaid]. 
264 1 |a Munich :   |b Simon,   |c [c1955]. 
300 |a [12] pages :   |b 239 plates ;   |c 28 cm. 
651 0 |a Egypt   |v Pictorial works. 
901 |a reviewed 
942 |c BK  |2 lcc 
999 |c 23650  |d 23650